Normal view
MARC view
- URDU ADAB-POETRY
Entry Topical Term
001 - CONTROL NUMBER
- control field: 28226
003 - CONTROL NUMBER IDENTIFIER
- control field: NUST
005 - DATE AND TIME OF LATEST TRANSACTION
- control field: 20200130161633.0
008 - FIXED-LENGTH DATA ELEMENTS
- fixed length control field: 200130|| aca||aabn | a|a d
040 ## - CATALOGING SOURCE
- Original cataloging agency: NUST
- Transcribing agency: NUST
150 ## - HEADING--TOPICAL TERM
- Topical term or geographic name entry element: URDU ADAB-POETRY
670 ## - SOURCE DATA FOUND
- Source citation: Work cat.: (NUST): AMJAD ISLAM AMJAD 9447, ITNAY KHAWAB KAHAN RAKHOON GAA, 1998
